Statistics for Top Egg Producing Countries

Click here to take the quiz!

General Stats

  • This quiz has been taken 49 times
  • The average score is 9 of 10

Answer Stats

KgAnswer% Correct
24.8 BillionChina
98%
5.6 BillionUSA
98%
2.2 BillionMexico
96%
3.8 BillionIndia
94%
2.2 BillionBrazil
87%
0.94 BillionFrance
83%
0.89 BillionGermany
83%
2.5 BillionJapan
81%
1.2 BillionIndonesia
68%
1 BillionTurkey
66%

Score Distribution

Percentile by Number Answered

Percent of People with Each Score

Your Score History

You have not taken this quiz